000 01799cam a2200289 a 4500
001 2088874
005 20210414113854.0
008 950815s1996 nyua b 001 0 eng
020 _a0070549850 (acidfree paper)
040 _aDLC
_cDLC
_dDLC
050 0 0 _aHA29.R85
245 0 0 _aFundamentals of behavioral statistics.
250 _a8th ed. /
_bRichard P. Runyon ... [et al.].
260 _aNew York :
_bMcGraw-Hill,
_cc1996.
300 _axxv, 721 p. :
_bill. (some col.) ;
_c24 cm.
500 _aRev. ed. of: Fundamentals of behavioral statistics / Richard P. Runyon. 7th ed. c1991.
504 _aIncludes bibliographical references and index.
505 _aContents: The Arithmetic of uncertainty -- Basic concepts -- Exploratory data analysis, frequency distributions, and percentiles -- Measures of central tendency -- Measures of dispersion -- Graphs and tables -- Correlation -- Regression and prediction -- Probability: The Foundation of inferential statistics -- Introduction to statistical inference -- Statistical inference: Single samples -- Statistical inference: two-sample case -- An Introduction to the analysis of variance -- The Two-factor analysis of variance -- Statistical inference with nominal data -- Statistical inference: ordinally scaled variable.
650 0 _aSocial sciences
_xStatistical methods.
700 1 _aRunyon, Richard P.
700 1 _aRunyon, Richard P.
856 4 2 _3Publisher description
_uhttp://www.loc.gov/catdir/enhancements/fy0602/95038509-d.html
856 4 1 _3Table of contents only
_uhttp://www.loc.gov/catdir/enhancements/fy0602/95038509-t.html
906 _a7
_bcbc
_corignew
_d1
_eocip
_f19
_gy-gencatlg
942 _2lcc
_cBK
999 _c224
_d7724